| 000 | 00532nam a2200157 i 4500 | ||
|---|---|---|---|
| 001 | 88335 | ||
| 003 | ES-MaACL | ||
| 005 | 20230906175836.0 | ||
| 007 | t| | ||
| 008 | 050104s1955 mx ||||1| spa d | ||
| 100 | 1 |
_aLaguarta, Pablo Porenzo. _969609 |
|
| 245 | 1 | 0 |
_aHistoria de la beneficencia española en México _b: (sintesís) / _cPablo Porenzo Laguarta. |
| 260 |
_aMéxico : _bEditorial España en América, _c1955 ( _fLa Impresora Azteca) |
||
| 300 |
_a527 p., 18 lám. : _bil. ; _c24 cm. |
||
| 852 |
_aES-MaACL _jC-5325 _bR.37814 |
||
| 999 |
_c88335 _d88335 |
||